Countering claims (Record no. 70302)

MARC details
000 -LEADER
fixed length control field 00949cam a2200229 4500
001 - CONTROL NUMBER
control field ABS65541
008 - FIXED-LENGTH DATA ELEMENTS--GENERAL INFORMATION
fixed length control field 020521n2002 000 0 eng u
035 ## - SYSTEM CONTROL NUMBER
System control number (Sirsi) u118063
100 ## - MAIN ENTRY--PERSONAL NAME
Personal name Borszcz, I
245 ## - TITLE STATEMENT
Title Countering claims
260 ## - PUBLICATION, DISTRIBUTION, ETC.
Date of publication, distribution, etc. 2002
490 ## - SERIES STATEMENT
Series statement Inside Housing
Volume/sequential designation 19(16) 26 April 2002, 14(1)
520 ## - SUMMARY, ETC.
Summary, etc. Reports on the increases in speculative compensation claims against local authorities and other social landlords in respect of housing disrepair and resultant personal injury. These claims are made by specialist firms on behalf of social housing tenants. Promotes the need for careful re-assessment of housing repair schedules and procedures to prevent these claims encroaching further on housing budgets.
590 ## - LOCAL NOTE (RLIN)
Local note ABS
650 ## - SUBJECT ADDED ENTRY--TOPICAL TERM
Topical term or geographic name entry element SOCIAL HOUSING
650 ## - SUBJECT ADDED ENTRY--TOPICAL TERM
Topical term or geographic name entry element TENANTS
650 ## - SUBJECT ADDED ENTRY--TOPICAL TERM
Topical term or geographic name entry element SOCIAL LANDLORDS
650 ## - SUBJECT ADDED ENTRY--TOPICAL TERM
Topical term or geographic name entry element DISREPAIR
650 ## - SUBJECT ADDED ENTRY--TOPICAL TERM
Topical term or geographic name entry element COMPENSATION CLAIMS
690 ## - LOCAL SUBJECT ADDED ENTRY--TOPICAL TERM (OCLC, RLIN)
Topical term or geographic name as entry element Dilapidations
9 (RLIN) 6235
942 ## - ADDED ENTRY ELEMENTS (KOHA)
Suppress in OPAC 0
Holdings
Withdrawn status Lost status Source of classification or shelving scheme Damaged status Not for loan Home library Current library Shelving location Date acquired Total Checkouts Full call number Barcode Date last seen Copy number Price effective from Koha item type
    Dewey Decimal Classification     London London Journal article 21/05/2002   ABS65541 118063-1001 06/08/2019 1 06/08/2019 Journal article